LEADER 01155nam0-22003011i-450- 001 990000037770403321 035 $a000003777 035 $aFED01000003777 035 $a(Aleph)000003777FED01 035 $a000003777 100 $a20011111d--------km-y0itay50------ba 101 0 $aita 105 $ay-------001yy 200 1 $aTraite de stereotemie comprenant les applications de la geometrie descriptive a la theorie des ombres, la perspectivelineaire, la gnomonique, la coupe des pierres et la charpente$fC. F. A. Leroy. 210 $aParis$cBachelier-Carilian-Goeury et Dalmont$d1844- 215 $av.$d28 cm 300 $aTexte. XVI, 483 p. : ill. 610 0 $aStereotomia 676 $a516.6 700 1$aLeroy,$bCharles François Antoine$f<1780-1854>$0343388 801 0$aIT$bUNINA$gRICA$2UNIMARC 901 $aBK 912 $a990000037770403321 952 $a13 AR 16 E 12$b131$fFINBC 959 $aFINBC 996 $aTraite de stereotemie comprenant les applications de la geometrie descriptive a la theorie des ombres, la perspectivelineaire, la gnomonique, la coupe des pierres et la charpente$9106089 997 $aUNINA DB $aING01 LEADER 01034nam--2200349---450- 001 990000622330203316 035 $a0062233 035 $aUSA010062233 035 $a(ALEPH)000062233USA01 035 $a0062233 100 $a20010912d1969----km-y0itay0103----ba 101 $aeng 102 $aUS 105 $a||||||||001yy 200 1 $aIntroduction to commutative algebra$fby M.F. Atiyah, I.G. Macdonald 210 $aReading (Massachussets)$cAddison-Wesley$dc1969 215 $aIX, 128 p.$d23 cm 410 $12001 676 $a512.24 700 1$aATIYAH,$bMichael Francis$044462 701 1$aMACDONALD,$bI.G.$0547553 801 0$aIT$bsalbc$gISBD 912 $a990000622330203316 951 $a510 ASM 361$b9398 CBS$c510$d00103778 959 $aBK 969 $aSCI 979 $aPATTY$b90$c20010912$lUSA01$h1035 979 $aPATTY$b90$c20010912$lUSA01$h1041 979 $c20020403$lUSA01$h1711 979 $aPATRY$b90$c20040406$lUSA01$h1643 996 $aIntroduction to commutative algebra$9956733 997 $aUNISA